Score 0/30 Timer 04:00
1 Play Today
Vowel-less Hero % Correct
SPDR MNSpider-Man
95.8%
BLCK PNTHRBlack Panther
95.8%
HLKHulk
95.7%
BLCK WDWBlack Widow
95.7%
DCTR STRNGDoctor Strange
95.5%
QCKSLVRQuicksilver
95.3%
THRThor
95.2%
WSPWasp
95.1%
SCRLT WTCHScarlet Witch
95%
WNTR SLDRWinter Soldier
94.4%
STR LRDStar-Lord
94.2%
CPTN MRCCaptain America
94.2%
RCKT RCCNRocket Raccoon
94.1%
FLCNFalcon
93.8%
WR MCHNWar Machine
93.7%
Vowel-less Hero % Correct
NCK FRNick Fury
92.5%
HWKHawkeye
92.1%
GRTGroot
91.2%
DRXDrax
90.6%
NT MNAnt-Man
89.5%
LKLoki
87.5%
RN MNIron Man
87.2%
VSNVision
87.1%
THNSThanos
86.5%
GMRGamora
84.6%
MNTSMantis
77.8%
VLKRValkyrie
77.2%
HMDLLHeimdall
74.2%
NBLNebula
70.8%
WNGWong
59.5%
Remove Ads.
Support Sporcle.
Get the best of Sporcle when you Go Orange. This ad-free experience offers more features, more stats, and more fun while also helping to support Sporcle. Thank you for becoming a member.

You're not logged in!

Compare scores with friends on all Sporcle quizzes.
OR
Log In

Show Comments

Extras

Top Quizzes Today


Score Distribution

Your Account Isn't Verified!

In order to create a playlist on Sporcle, you need to verify the email address you used during registration. Go to your Sporcle Settings to finish the process.

Report this User

Report this user for behavior that violates our Community Guidelines.

Details: